000 004870000a22001930004500
001 002149
003 MACL
005 20151003101130.0
008 151003b xxu||||| |||| 00| 0 eng d
040 _aMACL
_cMACL
041 _aEnglish
082 _a900/VAI
100 _aVaikuntham,
_9618
245 _aStudies in Socio Economic & Political History
_bHyderabad State
_cVaikuntham
260 _aHyderabad,
_c2004
350 _a500
650 _aHistory
_913248
942 _k900
_cBK
_2ddc
999 _c14065
_d14065